000 00708cam a22002533a 4500
001 850
003 PGUSA
005 20140828082953.0
008 970301s1997||||xxu|||||s|||||000 1 eng d
040 _aPGUSA
_beng
042 _adc
050 4 _aPS
100 1 _aSmith, Francis Hopkinson,
_d1838-1915
245 1 0 _aTom Grogan
_h[electronic resource] /
_cFrancis Hopkinson Smith
260 _bProject Gutenberg,
_c1997
506 _aPublic domain in the USA.
516 _aElectronic text
653 _aNew York (N.Y.) -- Fiction
653 _aStevedores -- Fiction
653 _aWidows -- Fiction
830 0 _aProject Gutenberg
_v850
856 4 0 _uhttp://www.gutenberg.org/ebooks/850
942 _cEB
999 _c230201
_d230201